History Quiz

Random History or Biography Quiz

Biography: E Quiz Stats

Quiz Updated Feb 28, 2013

Also try: Biography: D
Challenge
Share
Tweet
Embed
Score 0/19 Timer 06:00
3 Plays Today
Biography Channel Profile 'E' Person % Correct
She was the first female pilot to fly across the Atlantic and the first person to have flown both oceans. Her mysterious disappearance occurred in 1937.Amelia Earhart
97%
He was a German-born physicist who developed the theory of relativity and is considered the most influential physicist of the 20th century.Albert Einstein
92.2%
He was the 34th president of the United States (1953-61). He was supreme commander of the Allied forces in western Europe during World War II.Dwight Eisenhower
91.8%
He is considered one of the most prolific inventors in history. He invented the phonograph, the stock ticker and the first motion picture camera.Thomas Edison
87.1%
He is an accomplished actor and director who received five Academy Awards for his movies 'Unforgiven' and 'Million Dollar Baby.'Clint Eastwood
84.5%
He was a frontiersman, marshal, and gambler. Then he moved to Tombstone and got into a feud which ended in a gunfight at the O.K. Corral.Wyatt Earp
73.2%
He was a champion stock car driver with NASCAR who won seven championships. He died in the final lap of the Daytona 500 in 2001.Dale Earnhardt
73%
An actor and 'Brat Pack' member, he starred in 'The Breakfast Club' and 'Repo Man,' and had a brief marriage to Paula Abdul.Emilio Estevez
65.2%
He invented the first Kodak camera, helping make photography accessible to the public. His company remains one of the largest in the industry.George Eastman
61.2%
She fronted the band Miami Sound Machine. Songs like 'Conga' and 'Rhythm Is Gonna Get You' topped the charts in the 1980s and 1990s.Gloria Estefan
58.6%
Biography Channel Profile 'E' Person % Correct
“Dr. J” was known for his style and grace on and off the court during his sixteen-year professional career.Julius Erving
57.3%
An Icelandic explorer and the second son of Erik the Red, he was possibly the first European to reach North America.Leif Eriksson
56.5%
In 2004, Democratic Presidential nominee John Kerry chose him to be his running mate. He unsuccessfully ran for president in 2008. John Edwards
55.8%
He is an entertainment executive best known for reviving Disney in the late 1980s and 1990s with properties like 'Beauty and the Beast' and 'Lion King.'Michael Eisner
46.6%
He was executed by the state of Israel for his role as coordinator of logistics for 'the final solution to the Jewish question.'Adolf Eichmann
40.5%
He was an artist known for his realistic, detailed prints that achieve bizarre optical and conceptual effects.M.C. Escher
35.8%
He discovered and then managed the Beatles until his death in 1967.Brian Epstein
34.3%
An African-American novelist, he is best known for his novel 'Invisible Man' which remains one of the central texts of the African-American experience.Ralph Ellison
31.3%
A Victorian novelist, she wrote books exploring human psychology such as 'The Mill on the Floss.' Her work was noted for its realism.George Eliot
28.6%

You're not logged in!

Compare scores with friends on all Sporcle quizzes.
Sign Up with Email
OR
Log In

You Might Also Like...

Show Comments

Extras

Top Quizzes Today


Score Distribution

Your Account Isn't Verified!

In order to create a playlist on Sporcle, you need to verify the email address you used during registration. Go to your Sporcle Settings to finish the process.